MATERIALS IN RESTORATIVE DENTISTRY (Record no. 4835)

MARC details
000 -LEADER
fixed length control field 00353nam a2200133Ia 4500
008 - FIXED-LENGTH DATA ELEMENTS--GENERAL INFORMATION
fixed length control field 150201s2014 xx 000 0 und d
082 ## - DEWEY DECIMAL CLASSIFICATION NUMBER
Classification number 617.6342
Item number M2010S
100 ## - MAIN ENTRY--PERSONAL NAME
Personal name SHERWOOD ,I.ANAND
245 ## - TITLE STATEMENT
Title MATERIALS IN RESTORATIVE DENTISTRY
250 ## - EDITION STATEMENT
Edition statement 1ST
260 ## - PUBLICATION, DISTRIBUTION, ETC. (IMPRINT)
Name of publisher, distributor, etc. JAYPEE BROTHERS MEDICAL PUBLISHERS
650 ## - SUBJECT ADDED ENTRY--TOPICAL TERM
Topical term or geographic name as entry element PROSTHODONTICS
942 ## - ADDED ENTRY ELEMENTS (KOHA)
Source of classification or shelving scheme Dewey Decimal Classification
Koha item type Books
Koha issues (borrowed), all copies 2
Holdings
Withdrawn status Lost status Source of classification or shelving scheme Damaged status Not for loan Home library Current library Date acquired Serial Enumeration / chronology SGTU Total Checkouts Full call number Barcode Date last seen Date last checked out Bill Date Koha item type
    Dewey Decimal Classification     SGT Dental Library SGT Dental Library 06/10/2014 1 SGTU 2 617.6342 M2010S FD6962 04/07/2023 08/06/2023 09/02/2015 Books
    Dewey Decimal Classification     SGT Dental Library SGT Dental Library 06/10/2014 1 SGTU   617.6342 M2010S FD6963 09/02/2015   09/02/2015 Books
    Dewey Decimal Classification     SGT Dental Library SGT Dental Library 06/10/2014 1 SGTU 1 617.6342 M2010S FD6964 12/10/2021 12/10/2021 09/02/2015 Books
    Dewey Decimal Classification     SGT Dental Library SGT Dental Library 06/10/2014 1 SGTU   617.6342 M2010S FD6965 09/02/2015   09/02/2015 Books